| 000 | 00966nab a2200289 4500 | ||
|---|---|---|---|
| 003 | BR-BrBNA | ||
| 005 | 20240416135112.0 | ||
| 008 | 240416b bl.||||| |||| 00| 0 por d | ||
| 040 |
_aBR-BrBNA _bpor |
||
| 072 |
_aQ52 ; L51 ; P01 _b8954 ; 5400 ; 5500 |
||
| 100 | _aHuff-Lonergan, Elisabeth | ||
| 100 | _aSerao, Mariana C. Rossoni | ||
| 100 | _aRosentrater, Kurt | ||
| 245 | _aParceiros em sustentabilidade: alimentos para pets e a indústria de graxaria | ||
| 500 | _a4 illus. | ||
| 650 | _aRAÇÃO | ||
| 650 | _aCÃO | ||
| 650 | _aGATO | ||
| 650 | _aINDÚSTRIA DE ALIMENTOS PARA ANIMAIS | ||
| 650 | _aRECICLAGEM | ||
| 650 | _aALIMENTAÇÃO ANIMAL | ||
| 650 | _aNUTRIÇÃO ANIMAL | ||
| 650 | _aSUSTENTABILIDADE | ||
| 773 | 0 |
_09543 _9314237 _dSão Paulo - SP: Editora Stilo, 2021. _o2024-0574 _tRevista Graxaria Brasileira (Brasil) _gv. 11(64) p. 60-64; (Jul-Aug 2018) _wBR2024000563 |
|
| 942 | _cAnalítica | ||
| 999 |
_c299203 _d299203 |
||